Top 8 Football Video Games (IMDB) - Statistics

General Stats
  • This quiz has been taken 32 times
    6 since last reset
  • The average score is 4 of 8
Answer Stats
Video Game Year IMDB % Correct
Madden NFL 11 2010 7.5
80%
Madden NFL 2005 2004 7.7
80%
Madden NFL 06 2005 7.4
60%
Madden NFL 07 2006 7.6
60%
Madden NFL 2004 2003 7.8
60%
College Football 25 2024 7.7
20%
ESPN NFL 2K5 2004 8.5
20%
NCAA Football 14 2013 8.5
0%
No matching quizzes found
Score Distribution
Percent of People with Each Score
Percentile by Number Answered
Your Score History
You have not taken this quiz since the last reset